Jesus, CEO : (Record no. 118118)
[ view plain ]
| 000 -LEADER | |
|---|---|
| fixed length control field | 01155cam a2200301 a 4500 |
| 001 - CONTROL NUMBER | |
| control field | 3960263 |
| 003 - CONTROL NUMBER IDENTIFIER | |
| control field | ARRUPE |
| 005 - DATE AND TIME OF LATEST TRANSACTION | |
| control field | 20130927110521.0 |
| 008 - FIXED-LENGTH DATA ELEMENTS--GENERAL INFORMATION | |
| fixed length control field | 940523s1995 nyu b 000 0 eng |
| 010 ## - LIBRARY OF CONGRESS CONTROL NUMBER | |
| LC control number | 94020680 |
| 020 ## - INTERNATIONAL STANDARD BOOK NUMBER | |
| International Standard Book Number | 0786860626 |
| 040 ## - CATALOGING SOURCE | |
| Original cataloging agency | DLC |
| Transcribing agency | DLC |
| Modifying agency | DLC |
| 050 00 - LIBRARY OF CONGRESS CALL NUMBER | |
| Classification number | BJ1611.2 |
| Item number | .J64 1994 |
| 300 ## - PHYSICAL DESCRIPTION | |
| Dimensions | 19 cm. |
| 100 1# - MAIN ENTRY--PERSONAL NAME | |
| Personal name | Jones, Laurie Beth. |
| 9 (RLIN) | 1568 |
| 245 10 - TITLE STATEMENT | |
| Title | Jesus, CEO : |
| Remainder of title | using ancient wisdom for visionary leadership / |
| Statement of responsibility, etc | Laurie Beth Jones. |
| 250 ## - EDITION STATEMENT | |
| Edition statement | 1st ed. |
| 260 ## - PUBLICATION, DISTRIBUTION, ETC. (IMPRINT) | |
| Place of publication, distribution, etc | New York : |
| Name of publisher, distributor, etc | Hyperion, |
| Date of publication, distribution, etc | c1995. |
| 300 ## - PHYSICAL DESCRIPTION | |
| Extent | xviii, 318 p. ; |
| 504 ## - BIBLIOGRAPHY, ETC. NOTE | |
| Bibliography, etc | Includes bibliographical references (p. [306]-309). |
| 600 00 - SUBJECT ADDED ENTRY--PERSONAL NAME | |
| Personal name | Jesus Christ |
| General subdivision | Leadership. |
| 9 (RLIN) | 1569 |
| 650 #0 - SUBJECT ADDED ENTRY--TOPICAL TERM | |
| Topical term or geographic name as entry element | Management |
| General subdivision | Religious aspects |
| -- | Christianity. |
| 9 (RLIN) | 1570 |
| 650 #0 - SUBJECT ADDED ENTRY--TOPICAL TERM | |
| Topical term or geographic name as entry element | Success in business. |
| 9 (RLIN) | 1571 |
| 650 #0 - SUBJECT ADDED ENTRY--TOPICAL TERM | |
| Topical term or geographic name as entry element | Executive ability |
| General subdivision | Biblical teaching. |
| 9 (RLIN) | 1572 |
| 856 42 - ELECTRONIC LOCATION AND ACCESS | |
| Materials specified | Publisher description |
| Uniform Resource Identifier | <a href="http://www.loc.gov/catdir/enhancements/fy1309/94020680-d.html">http://www.loc.gov/catdir/enhancements/fy1309/94020680-d.html</a> |
| 906 ## - LOCAL DATA ELEMENT F, LDF (RLIN) | |
| a | 7 |
| b | cbc |
| c | orignew |
| d | 1 |
| e | ocip |
| f | 19 |
| g | y-gencatlg |
| 942 ## - ADDED ENTRY ELEMENTS (KOHA) | |
| Source of classification or shelving scheme | Library of Congress Classification |
| Koha item type | Monograph ( Printed materials) |
| Withdrawn status | Lost status | Source of classification or shelving scheme | Damaged status | Not for loan | Home library | Current library | Shelving location | Date acquired | Total Checkouts | Full call number | Barcode | Date last seen | Date checked out | Price effective from | Koha item type |
|---|---|---|---|---|---|---|---|---|---|---|---|---|---|---|---|
| Library of Congress Classification | ARRUPE LIBRARY | ARRUPE LIBRARY | Main Collection | 27/09/2013 | 1 | BJ1611.2 .J64 1994 | 46410115 | 13/12/2016 | 01/11/2016 | 27/09/2013 | Monograph ( Printed materials) |